000 00607nam a22001937a 4500
003 SISC
005 20170529135805.0
008 170529b xxu||||| |||| 00| 0 eng d
020 _a9780195588026
050 _aP 90
_b.C436 2015
100 _aChalkey, Tony.
245 _aCommunication, digital media and everyday life /
_cTony Chalkey.
260 _aAustralia :
_bOxford University Press,
_c2015.
300 _axvii, 325 pages :
_billustrations ;
_c24 cm.
500 _aIncludes glossary, bibliographical references and index.
650 _aCommunication.
650 _aMass media.
942 _2lcc
_cBK
999 _c335183
_d335183